00184nam a2200073Ia 4500008004100000082000800041100002400049245003700073240331s9999 xx 000 0 und d bBRI aMcHenry, R. editor 0aBritannica book of the year 1992